Advanced Calculus : a Differential Forms Approach

Αποθηκεύτηκε σε:
Λεπτομέρειες βιβλιογραφικής εγγραφής
Κύριος συγγραφέας: Edwards, Harold M.
Μορφή: Βιβλίο
Γλώσσα:English
Δημοσίευση: Boston : Birkhauser, 1994
Θέματα:
Ετικέτες: Προσθήκη ετικέτας
Δεν υπάρχουν, Καταχωρήστε ετικέτα πρώτοι!

MARC

LEADER 00000nam a2200000 i 4500
001 1/44219
008 950518s1994 eng d
020 |a 0-8176-3707-9 
035 |a 1995  |c ΑΥΓΕΡΙΝΟΣ  |l 10042227 
040 |a GR-MY-UA  |b gre  |e aacr 
041 0 |a eng 
082 0 |a 515. 
100 1 |a Edwards, Harold M. 
245 1 0 |a Advanced Calculus :  |b a Differential Forms Approach /  |c Harold M. Edwards 
260 |a Boston :   |b Birkhauser,   |c 1994 
300 |a 508 p.;  |b ill.;  |c 26 cm. 
500 |a Includes index 
650 0 0 |a Calculus. 
852 |a INST  |b SAMOS  |e 19950518  |h 515 EDW  |p 005300005455  |q 005300005455  |t BK  |y 0 
909 |a Σ  |b 038930